[Event "Monarch Assurance Isle of Man 13th"]
[Site "Port Erin IOM"]
[Date "2004.10.02"]
[Round "8.22"]
[White "Ashton, Adam"]
[Black "Skripchenko, Almira"]
[Result "1-0"]
[WhiteElo "2270"]
[BlackElo "2453"]
[PlyCount "135"]
[EventDate "2004.09.25"]
[EventType "swiss"]
[EventRounds "9"]
[EventCountry "IOM"]
[SourceTitle "BritBase"]
[SourceDate "2008.07.14"]
[SourceVersion "1"]
[SourceVersionDate "2008.07.14"]
[SourceQuality "2"]

1. e4 c5 2. Nf3 e6 3. b3 a6 4. g3 Nc6 5. Bg2 Nf6 6. e5 Ng4 7. Bb2 Qc7 8. Qe2
Be7 9. O-O O-O 10. d3 b5 11. Nbd2 Bb7 12. Rae1 f5 13. h3 Nh6 14. c4 Qb6 15. Rd1
Nf7 16. Rfe1 Rad8 17. Nb1 Rfe8 18. Na3 Qa5 19. Ra1 Bf8 20. Nc2 Qb6 21. Rad1 d6
22. exd6 e5 23. Qf1 Bxd6 24. Nh4 g6 25. Ne3 Ne7 26. Bxb7 Qxb7 27. Qg2 Qc8 28.
Nf3 Bb8 29. Rd2 Rd7 30. cxb5 axb5 31. Rc1 e4 32. dxe4 fxe4 33. Rxd7 exf3 34.
Qxf3 Qxd7 35. Qf6 Ne5 36. Bxe5 Bxe5 37. Qxe5 Nf5 38. Qd5+ Qxd5 39. Nxd5 Re2 40.
Rxc5 Rxa2 41. Rxb5 Nd4 42. Rb7 Nf3+ 43. Kg2 Ne1+ 44. Kf1 Nd3 45. Nf6+ Kf8 46.
Nxh7+ Kg8 47. Nf6+ Kf8 48. Ne4 Rb2 49. h4 Kg8 50. Kg2 Ne1+ 51. Kh3 Re2 52. Nf6+
Kf8 53. f4 Re3 54. h5 gxh5 55. Nxh5 Nd3 56. Kg4 Nc5 57. Rb8+ Kf7 58. b4 Ne4 59.
Rb7+ Kf8 60. Rb6 Kf7 61. f5 Nc3 62. Rb7+ Kf8 63. Kg5 Ne4+ 64. Kg6 Nd6 65. Rb8+
Ne8 66. g4 Re7 67. Nf6 Rg7+ 68. Kh6 1-0

[Event "Monarch Assurance Isle of Man 13th"]
[Site "Port Erin IOM"]
[Date "2004.10.02"]
[Round "8.25"]
[White "Houska, Jovanka"]
[Black "Groffen, Hans"]
[Result "1-0"]
[WhiteElo "2375"]
[BlackElo "2244"]
[PlyCount "89"]
[EventDate "2004.09.25"]
[EventType "swiss"]
[EventRounds "9"]
[EventCountry "IOM"]
[SourceTitle "BritBase"]
[SourceDate "2008.07.14"]
[SourceVersion "1"]
[SourceVersionDate "2008.07.14"]
[SourceQuality "2"]

1. e4 e6 2. d4 d5 3. e5 c5 4. c3 Nc6 5. Nf3 Bd7 6. Be2 Nge7 7. Na3 cxd4 8. cxd4
Nf5 9. Nc2 Qb6 10. O-O a5 11. Kh1 Nb4 12. Ne3 Be7 13. Nxf5 exf5 14. Bd2 O-O 15.
a3 Nc6 16. Bc3 Rfb8 17. Re1 Qd8 18. Qb3 Be6 19. a4 g5 20. Bd3 Kh8 21. Ng1 Qd7
22. Ne2 f6 23. Rad1 f4 24. exf6 Bxf6 25. Ng1 Bf5 {(=)} 26. Nf3 Bxd3 27. Rxd3
Ne7 28. Ne5 Qf5 29. g4 Qc8 30. Rh3 Kg7 31. Qc2 h6 32. Qe2 Ra6 33. Bd2 Re6 34.
Bxa5 Ra8 35. Qb5 Qc2 36. Rf3 b6 37. Bxb6 Rxa4 38. Qd7 Rxb6 39. Qe8 Bxe5 40.
Qxe7+ Kg6 41. Qe8+ Kh7 42. Qxe5 Qc6 43. Rc3 Rc4 44. Qf5+ Kg8 45. Re7 1-0

[Event "Monarch Assurance Isle of Man 13th"]
[Site "Port Erin IOM"]
[Date "2004.10.02"]
[Round "8.27"]
[White "Fox, Anthony"]
[Black "Afek, Yochanan"]
[Result "0-1"]
[WhiteElo "2123"]
[BlackElo "2325"]
[PlyCount "104"]
[EventDate "2004.09.25"]
[EventType "swiss"]
[EventRounds "9"]
[EventCountry "IOM"]
[SourceTitle "BritBase"]
[SourceDate "2008.07.14"]
[SourceVersion "1"]
[SourceVersionDate "2008.07.14"]
[SourceQuality "2"]

1. e4 c5 2. Nc3 Nc6 3. g3 g6 4. Bg2 Bg7 5. d3 d6 6. Be3 e6 7. Qd2 Rb8 8. Nf3 b5
9. O-O b4 10. Nd1 Nd4 11. Ne1 Qa5 12. f4 Ne7 13. Bf2 O-O 14. Ne3 Ba6 15. g4 f5
16. Bh4 Qc7 17. c3 bxc3 18. bxc3 Ndc6 19. gxf5 gxf5 20. exf5 Nxf5 21. Nxf5 exf5
22. Bd5+ Kh8 23. Nf3 Ne7 24. Bxe7 Qxe7 25. Rfe1 Qf6 26. d4 Qg6+ 27. Kh1 Bb7 28.
Bxb7 Rxb7 29. Rab1 Rxb1 30. Rxb1 cxd4 31. Nxd4 Rg8 32. Re1 Qg4 33. Qf2 Qh3 34.
Re3 Bxd4 35. cxd4 Rg2 36. Re8+ Rg8 37. Rxg8+ Kxg8 38. Qe2 Kf7 39. d5 Kf8 40. a4
Qb3 41. Qe6 Qd1+ 42. Kg2 Qg4+ 43. Kh1 Qxf4 44. Qf6+ Kg8 45. Qe6+ Kg7 46. Qe7+
Kg6 47. Qe8+ Kh6 48. Qe6+ Kh5 49. Qf7+ Kg4 50. Qg7+ Kf3 51. Qa1 Qe4 52. Qf1+
Ke3+ 0-1

[Event "Monarch Assurance Isle of Man 13th"]
[Site "Port Erin IOM"]
[Date "2004.10.02"]
[Round "8.28"]
[White "McPhillips, Karl"]
[Black "Cox, John"]
[Result "1/2-1/2"]
[WhiteElo "2172"]
[BlackElo "2314"]
[PlyCount "83"]
[EventDate "2004.09.25"]
[EventType "swiss"]
[EventRounds "9"]
[EventCountry "IOM"]
[SourceTitle "BritBase"]
[SourceDate "2008.07.14"]
[SourceVersion "1"]
[SourceVersionDate "2008.07.14"]
[SourceQuality "2"]

1. d4 Nf6 2. c4 e6 3. Nc3 Bb4 4. Bg5 c5 5. d5 Bxc3+ 6. bxc3 d6 7. e3 Qe7 8. Bd3
exd5 9. cxd5 Qe5 10. Bxf6 Qxf6 11. Ne2 O-O 12. O-O b6 13. a4 Ba6 14. a5 Bxd3
15. Qxd3 Nd7 16. axb6 Nxb6 17. c4 Qh4 18. f4 f5 19. Nc3 Qf6 20. Ra3 Rfe8 21. h3
Re7 22. Re1 Rae8 23. Ra2 h5 24. Rae2 {(=)} h4 25. Rf2 Rb8 26. Kh1 g6 27. Rfe2
Kg7 28. e4 Rbe8 29. exf5 gxf5 30. Nb5 Rxe2 31. Rxe2 Rxe2 32. Qxe2 a5 33. Nc7
Kh6 34. Ne8 Qa1+ 35. Kh2 Qd4 36. Qe6+ Kh7 37. Qxf5+ Kg8 38. Nf6+ Kg7 39. Nh5+
Kg8 40. Qg6+ Kh8 41. Qh6+ Kg8 42. Qg6+ 1/2-1/2

[Event "Monarch Assurance Isle of Man 13th"]
[Site "Port Erin IOM"]
[Date "2004.10.02"]
[Round "8.30"]
[White "Cannon, Richard J"]
[Black "Bigg, Andrew J"]
[Result "1/2-1/2"]
[WhiteElo "2060"]
[BlackElo "2275"]
[PlyCount "80"]
[EventDate "2004.09.25"]
[EventType "swiss"]
[EventRounds "9"]
[EventCountry "IOM"]
[SourceTitle "BritBase"]
[SourceDate "2008.07.14"]
[SourceVersion "1"]
[SourceVersionDate "2008.07.14"]
[SourceQuality "2"]

1. e4 e6 2. d4 d5 3. Nc3 Bb4 4. exd5 exd5 5. Bd3 Ne7 6. Qh5 Nbc6 7. a3 Bxc3+ 8.
bxc3 Be6 9. Rb1 Qc8 10. h3 Bf5 11. Nf3 Qe6+ 12. Be3 g6 13. Qh6 f6 14. O-O Bxd3
15. cxd3 O-O-O 16. Bc1 Nf5 17. Qd2 g5 18. Re1 Qd7 19. Qb2 b6 20. Qb5 h5 21. Kf1
g4 22. Ng1 Rhg8 23. Qa6+ Kb8 24. Bf4 Nd6 25. h4 Rde8 26. Ne2 Nd8 27. c4 Ne6 28.
Bh2 dxc4 29. dxc4 Nf5 30. c5 g3 31. cxb6 axb6 32. Nxg3 Nf4 33. Ne4 Nd5 34.
Rxb6+ Nxb6 35. Qxb6+ Kc8 36. Qa6+ Kd8 37. Qxf6+ Kc8 38. Qa6+ Kd8 39. Qf6+ Kc8
40. Qa6+ Kd8 1/2-1/2

[Event "Monarch Assurance Isle of Man 13th"]
[Site "Port Erin IOM"]
[Date "2004.10.02"]
[Round "8.31"]
[White "Berzinsh, Roland"]
[Black "Spanton, Tim"]
[Result "1-0"]
[WhiteElo "2455"]
[BlackElo "2004"]
[PlyCount "49"]
[EventDate "2004.09.25"]
[EventType "swiss"]
[EventRounds "9"]
[EventCountry "IOM"]
[SourceTitle "BritBase"]
[SourceDate "2008.07.14"]
[SourceVersion "1"]
[SourceVersionDate "2008.07.14"]
[SourceQuality "2"]

1. e4 c5 2. Nf3 d6 3. Bc4 Nf6 4. e5 dxe5 5. Nxe5 e6 6. Qe2 Be7 7. b3 O-O 8. Bb2
Qb6 9. f4 Nc6 10. Nxc6 Qxc6 11. Nc3 a6 12. Bd3 Re8 13. O-O Bd7 14. Ne4 Nxe4 15.
Bxe4 Qc7 16. Rf3 g6 17. Rh3 f5 18. Bxb7 Rab8 19. Bxa6 Qxf4 20. Rf1 Qd6 21. Rxf5
exf5 22. Bc4+ Kf8 23. Rxh7 Bf6 24. Rf7+ Kg8 25. Rxd7+ 1-0

[Event "Monarch Assurance Isle of Man 13th"]
[Site "Port Erin IOM"]
[Date "2004.10.02"]
[Round "8.32"]
[White "Lutton, J.Ezra"]
[Black "Ramaswamy, Aarthie"]
[Result "1/2-1/2"]
[WhiteElo "2134"]
[BlackElo "2299"]
[PlyCount "43"]
[EventDate "2004.09.25"]
[EventType "swiss"]
[EventRounds "9"]
[EventCountry "IOM"]
[SourceTitle "BritBase"]
[SourceDate "2008.07.14"]
[SourceVersion "1"]
[SourceVersionDate "2008.07.14"]
[SourceQuality "2"]

1. Nc3 c5 2. e4 Nc6 3. f4 g6 4. Nf3 Bg7 5. Bb5 Nd4 6. Bd3 d6 7. Nxd4 cxd4 8.
Ne2 Nf6 9. c3 dxc3 10. bxc3 O-O 11. Bc2 b5 12. O-O Bb7 13. d3 a6 14. Qe1 Nd7
15. f5 d5 16. Rf3 dxe4 17. dxe4 Nc5 18. Qh4 Bf6 19. Qh6 Bg7 20. Qh4 Bf6 21. Qh6
Bg7 22. Qh4 1/2-1/2

[Event "Monarch Assurance Isle of Man 13th"]
[Site "Port Erin IOM"]
[Date "2004.10.02"]
[Round "8.33"]
[White "Hagesaether, Arne"]
[Black "Grant, Alan"]
[Result "1/2-1/2"]
[WhiteElo "2101"]
[BlackElo "2193"]
[PlyCount "176"]
[EventDate "2004.09.25"]
[EventType "swiss"]
[EventRounds "9"]
[EventCountry "IOM"]
[SourceTitle "BritBase"]
[SourceDate "2008.07.14"]
[SourceVersion "1"]
[SourceVersionDate "2008.07.14"]
[SourceQuality "2"]

1. e4 d6 2. d4 Nf6 3. Nc3 g6 4. Be3 c6 5. Qd2 b5 6. f3 Nbd7 7. Nge2 Nb6 8. b3
Bb7 9. Ng3 Qc7 10. Bd3 a6 11. O-O e5 12. Nce2 c5 13. dxe5 dxe5 14. c4 b4 15. a3
a5 16. axb4 axb4 17. Rxa8+ Bxa8 18. Nc1 Bg7 19. Qf2 Nbd7 20. Bc2 O-O 21. h3 Re8
22. Nd3 Bf8 23. Ra1 Bb7 24. Nf1 {(=)} Ra8 25. Qe1 Ra5 26. Qc1 Nh5 27. Bf2 Nf4
28. Nxf4 Rxa1 29. Qxa1 exf4 30. Qa7 Bd6 31. Nh2 h5 32. Bh4 Kg7 33. Nf1 Nb8 34.
Bf2 Nc6 35. Qa4 Ne5 36. Qa7 Qe7 37. Nh2 Bc8 38. Qxe7 Bxe7 39. Kf1 Be6 40. Ke2
Kf8 41. Bd3 Ke8 42. Be1 Nc6 43. Bc2 Kd7 44. Bd2 Bd6 45. Kd3 Be5 46. Bd1 g5 47.
Nf1 f6 48. Be1 Bd4 49. Nd2 Kd6 50. Bc2 Ke5 51. Bd1 Nd8 52. Bc2 Nf7 53. g4 h4
54. Bd1 Nd6 55. Bc2 Nf7 56. Bd1 Kd6 57. Be2 Ne5+ 58. Kc2 Bg8 59. Nf1 Bh7 60.
Bd2 Nc6 61. Kd3 Ke5 62. Bd1 Ne7 63. Bc1 Nc8 64. Bd2 Nd6 65. Be1 Nxe4 66. fxe4
Bxe4+ 67. Kd2 Bc3+ 68. Ke2 f3+ 69. Kf2 Bxe1+ 70. Kxe1 f5 71. Nh2 fxg4 72. Nxg4+
Kf4 73. Kf2 Bf5 74. Ne3 Bxh3 75. Bxf3 g4 76. Nd5+ Ke5 77. Bd1 g3+ 78. Ke3 Bf5
79. Nf4 h3 80. Bf3 g2 81. Bxg2 hxg2 82. Nxg2 Bc2 83. Ne1 Bxb3 84. Nd3+ Kd6 85.
Nb2 Bc2 86. Kd2 Bh7 87. Ke3 Bb1 88. Ke2 Be4 {illegible (102 moves)} 1/2-1/2

[Event "Monarch Assurance Isle of Man 13th"]
[Site "Port Erin IOM"]
[Date "2004.10.02"]
[Round "8.35"]
[White "Bennion, David A"]
[Black "Hutchinson, Norman A"]
[Result "0-1"]
[WhiteElo "2052"]
[BlackElo "2176"]
[PlyCount "99"]
[EventDate "2004.09.25"]
[EventType "swiss"]
[EventRounds "9"]
[EventCountry "IOM"]
[SourceTitle "BritBase"]
[SourceDate "2008.07.14"]
[SourceVersion "1"]
[SourceVersionDate "2008.07.14"]
[SourceQuality "2"]

1. e4 c6 2. d4 d5 3. exd5 cxd5 4. c4 Nf6 5. Nc3 Nc6 6. Nf3 Bg4 7. cxd5 Nxd5 8.
Bc4 e6 9. O-O Nxc3 10. bxc3 Bd6 11. d5 Bxf3 12. Qxf3 Qh4 13. h3 Qxc4 14. dxc6
Qxc6 15. Qxc6+ bxc6 16. Rd1 Ke7 17. Bg5+ f6 18. Rab1 Rab8 19. Be3 Rxb1 20. Rxb1
Rb8 21. Rb3 a6 22. Rxb8 Bxb8 23. Kf1 Be5 24. c4 Kd6 25. Ke2 Bb2 26. f3 Ba3 27.
Kd3 Bc5 28. Bf4+ e5 29. Bg3 Bd4 30. Be1 Ke6 31. Bd2 Bf2 32. Bc1 Bg3 33. Ba3 Kf5
34. Bf8 g6 35. Be7 Bh4 36. Ke3 Bg5+ 37. Kf2 e4 38. Bc5 Kf4 39. fxe4 Kxe4 40.
Ke2 f5 41. Bb6 Bf6 42. Bc5 g5 43. Be3 h5 44. Bf2 f4 45. Bc5 g4 46. hxg4 hxg4
47. Bd6 Bd4 48. Kd2 f3 49. gxf3+ gxf3 50. a4 {two more illegible moves on both
sheets} 0-1

[Event "Monarch Assurance Isle of Man 13th"]
[Site "Port Erin IOM"]
[Date "2004.10.02"]
[Round "8.36"]
[White "Almond, Richard J"]
[Black "Twitchell, Neville"]
[Result "1/2-1/2"]
[WhiteElo "2158"]
[BlackElo "2003"]
[PlyCount "62"]
[EventDate "2004.09.25"]
[EventType "swiss"]
[EventRounds "9"]
[EventCountry "IOM"]
[SourceTitle "BritBase"]
[SourceDate "2008.07.14"]
[SourceVersion "1"]
[SourceVersionDate "2008.07.14"]
[SourceQuality "2"]

1. d4 Nf6 2. c4 g6 3. Nc3 d5 4. Bf4 Bg7 5. e3 O-O 6. Qb3 dxc4 7. Bxc4 a6 8. a4
c5 9. dxc5 Nc6 10. Nf3 Qa5 11. Qb6 Nd7 12. Qxa5 Nxa5 13. Be2 Nxc5 14. Be5 Nab3
15. Bxg7 Kxg7 16. Rd1 Bd7 17. Nd4 Nxd4 18. Rxd4 Bc6 19. O-O e5 20. Rc4 Nb3 21.
Rb4 Nd2 22. Rc1 Rad8 23. Rb6 a5 24. Bb5 Rd6 25. Bxc6 bxc6 26. Nb5 Nc4 27. Nxd6
Nxb6 28. Rxc6 Nxa4 29. b3 Rb8 30. g4 Rxb3 31. Ra6 Rb6 1/2-1/2

[Event "Monarch Assurance Isle of Man 13th"]
[Site "Port Erin IOM"]
[Date "2004.10.02"]
[Round "8.37"]
[White "Murtagh, Dermot"]
[Black "Goodger, Martyn"]
[Result "0-1"]
[WhiteElo "1889"]
[BlackElo "2136"]
[PlyCount "49"]
[EventDate "2004.09.25"]
[EventType "swiss"]
[EventRounds "9"]
[EventCountry "IOM"]
[SourceTitle "BritBase"]
[SourceDate "2008.07.14"]
[SourceVersion "1"]
[SourceVersionDate "2008.07.14"]
[SourceQuality "2"]

1. e4 e5 2. Bc4 Nf6 3. d3 Nc6 4. Nc3 Bb4 5. Nge2 d5 6. exd5 Nxd5 7. O-O Be6 8.
Ne4 Be7 9. N2g3 Qd7 10. a3 O-O-O 11. Ng5 Bxg5 12. Bxg5 f6 13. Bd2 h5 14. b4 Kb8
15. Ne4 Bg4 16. Qb1 Nd4 17. f3 Bf5 18. a4 h4 19. Bxd5 Qxd5 20. Qa2 Qc6 21. Nc3
h3 22. b5 Qc5 23. Rf2 hxg2 24. Kxg2 Nxc2 25. Nd1 0-1

[Event "Monarch Assurance Isle of Man 13th"]
[Site "Port Erin IOM"]
[Date "2004.10.02"]
[Round "8.38"]
[White "Van Kemenade, Rudy"]
[Black "Jonkman, Harmen"]
[Result "0-1"]
[WhiteElo "2107"]
[BlackElo "2425"]
[PlyCount "72"]
[EventDate "2004.09.25"]
[EventType "swiss"]
[EventRounds "9"]
[EventCountry "IOM"]
[SourceTitle "BritBase"]
[SourceDate "2008.07.14"]
[SourceVersion "1"]
[SourceVersionDate "2008.07.14"]
[SourceQuality "2"]

1. e4 e5 2. Nf3 Nc6 3. Bb5 Nf6 4. O-O Nxe4 5. d4 Nd6 6. dxe5 Nxb5 7. a4 Nbd4 8.
Nxd4 Nxd4 9. Qxd4 d5 10. exd6 Qxd6 11. Qe3+ Qe6 12. Qd4 {(=)} Qg6 13. Nc3 Bd6
14. Re1+ Be6 15. Ne4 O-O-O 16. Qxa7 Bd5 17. f3 Bxe4 18. Rxe4 Qh5 19. Be3 Rhe8
20. Qa8+ Kd7 21. Qxb7 Rb8 22. Qa7 Rxe4 23. fxe4 Rxb2 24. Qd4 Qxh2+ 25. Kf1 Rxc2
26. Qxg7 Qh1+ 27. Bg1 Qh5 28. Re1 Be5 29. Qg8 Ke7 30. Qc8 Qg5 31. Qh3 Bg3 32.
Bc5+ Rxc5 33. Rd1 Qf6+ 34. Kg1 Qd4+ 35. Rxd4 Rc1+ 36. Rd1 Rxd1# 0-1

[Event "Monarch Assurance Isle of Man 13th"]
[Site "Port Erin IOM"]
[Date "2004.10.02"]
[Round "8.39"]
[White "Allen, Keith"]
[Black "Milligan, Helen"]
[Result "0-1"]
[WhiteElo "2241"]
[BlackElo "2077"]
[PlyCount "58"]
[EventDate "2004.09.25"]
[EventType "swiss"]
[EventRounds "9"]
[EventCountry "IOM"]
[SourceTitle "BritBase"]
[SourceDate "2008.07.14"]
[SourceVersion "1"]
[SourceVersionDate "2008.07.14"]
[SourceQuality "2"]

1. e4 e5 2. Nf3 Nf6 3. d3 d6 4. c3 Nc6 5. g3 Be7 6. Bg2 O-O 7. O-O h6 8. Nbd2
Bd7 9. d4 Re8 10. d5 Nb8 11. a4 c6 12. Qb3 Qc7 13. Ne1 Na6 14. Qc2 Rac8 15.
dxc6 Qxc6 16. Nd3 Nc5 17. Nb4 Qc7 18. b3 a5 19. Nd5 Nxd5 20. exd5 f5 21. Ba3
Rf8 22. f3 Na6 23. Nc4 Nc5 24. Rfe1 b5 25. axb5 Bxb5 26. Nxa5 Nd3 27. Nc4 Nxe1
28. Rxe1 Bxc4 29. bxc4 Qa7+ 0-1

[Event "Monarch Assurance Isle of Man 13th"]
[Site "Port Erin IOM"]
[Date "2004.10.02"]
[Round "8.41"]
[White "Pym, Thomas"]
[Black "Adams, Phil"]
[Result "1/2-1/2"]
[WhiteElo "2059"]
[BlackElo "2124"]
[PlyCount "90"]
[EventDate "2004.09.25"]
[EventType "swiss"]
[EventRounds "9"]
[EventCountry "IOM"]
[SourceTitle "BritBase"]
[SourceDate "2008.07.14"]
[SourceVersion "1"]
[SourceVersionDate "2008.07.14"]
[SourceQuality "2"]

1. e4 c5 2. Nf3 Nc6 3. d4 cxd4 4. Nxd4 g6 5. Nxc6 bxc6 6. Qd4 Nf6 7. e5 Nd5 8.
e6 f6 9. exd7+ Bxd7 10. Bc4 e5 11. Qh4 Bg7 12. O-O Bf5 13. Bb3 Qe7 14. Bd2 O-O
15. Bb4 Qc7 16. Bxf8 Rxf8 17. Nc3 Be6 18. Rfd1 f5 19. Qa4 Rd8 20. Qa6 Bf7 21.
Nxd5 cxd5 22. c3 e4 23. Qb5 Qe5 24. Qc5 Bh6 25. Qd4 Qe7 {(=)} 26. Re1 f4 27.
Rad1 Bg5 28. Qb4 Qe5 29. f3 e3 30. Re2 h5 31. Qd4 Qc7 32. Rf1 Kh7 33. g3 fxg3
34. f4 Be7 35. hxg3 Bc5 36. Qd3 Be6 37. Rxe3 Bf5 38. Qd2 Re8 39. Rfe1 Qb6 40.
Kf2 Rxe3 41. Rxe3 d4 42. cxd4 Bxd4 43. Ke2 Bg4+ 44. Kd3 Bf5+ 45. Ke2 Bg4+
1/2-1/2

[Event "Monarch Assurance Isle of Man 13th"]
[Site "Port Erin IOM"]
[Date "2004.10.02"]
[Round "8.42"]
[White "Nicholson, John"]
[Black "Plant, Paul R"]
[Result "0-1"]
[WhiteElo "1834"]
[BlackElo "2107"]
[PlyCount "68"]
[EventDate "2004.09.25"]
[EventType "swiss"]
[EventRounds "9"]
[EventCountry "IOM"]
[SourceTitle "BritBase"]
[SourceDate "2008.07.14"]
[SourceVersion "1"]
[SourceVersionDate "2008.07.14"]
[SourceQuality "2"]

1. e4 e6 2. d4 d5 3. e5 c5 4. c3 Nc6 5. Nf3 Qb6 6. a3 Nh6 7. Bd3 Bd7 8. O-O
cxd4 9. cxd4 Nxd4 10. Nxd4 Qxd4 11. Nc3 a6 12. Qe2 Ng4 13. h3 Nxe5 14. Bc2 Nc4
15. Rd1 Qe5 16. Qg4 h5 17. Qf3 Bc6 18. Bf4 Qf6 19. Nxd5 exd5 20. Rxd5 Be7 21.
Re1 O-O 22. Qd3 g6 23. Bg5 Nxb2 24. Qg3 Qg7 25. Bxe7 Bxd5 26. Bxf8 Rxf8 27. Re7
Qf6 28. Re5 h4 29. Qg5 Qxg5 30. Rxg5 Be6 31. f4 Kh7 32. Rh5+ Kg7 33. Rxh4 f5
34. Kf2 Rc8 0-1

[Event "Monarch Assurance Isle of Man 13th"]
[Site "Port Erin IOM"]
[Date "2004.10.02"]
[Round "8.43"]
[White "Webster, Richard J"]
[Black "Collier, David"]
[Result "1/2-1/2"]
[WhiteElo "2008"]
[BlackElo "2168"]
[PlyCount "73"]
[EventDate "2004.09.25"]
[EventType "swiss"]
[EventRounds "9"]
[EventCountry "IOM"]
[SourceTitle "BritBase"]
[SourceDate "2008.07.14"]
[SourceVersion "1"]
[SourceVersionDate "2008.07.14"]
[SourceQuality "2"]

1. d4 Nf6 2. c4 e6 3. Nc3 d5 4. Bg5 Be7 5. Nf3 Nbd7 6. e3 O-O 7. Rc1 h6 8. Bh4
c6 9. Bd3 dxc4 10. Bxc4 b5 11. Bd3 Bb7 12. O-O a6 13. Qe2 c5 14. Rfd1 b4 15.
Nb1 Qa5 16. e4 cxd4 17. Nxd4 Rfe8 18. Nd2 Ne5 19. N2b3 Qb6 20. Bb1 Rac8 21. f4
Ng6 22. Bg3 a5 23. Rxc8 Rxc8 24. e5 Nh7 25. Bxg6 fxg6 26. Bf2 a4 27. Nf5 Qc7
28. Nxe7+ Qxe7 29. Nd4 Bd5 30. b3 axb3 31. axb3 Rc3 32. Be1 Bxb3 33. Nxb3 Rxb3
34. Qc4 Rb2 35. Qd4 Rb3 36. Qc4 Rb2 37. Qd4 1/2-1/2

[Event "Monarch Assurance Isle of Man 13th"]
[Site "Port Erin IOM"]
[Date "2004.10.02"]
[Round "8.44"]
[White "Gorka, Carl"]
[Black "Pimmingstorfer, Christian"]
[Result "1-0"]
[WhiteElo "1882"]
[BlackElo "2116"]
[PlyCount "91"]
[EventDate "2004.09.25"]
[EventType "swiss"]
[EventRounds "9"]
[EventCountry "IOM"]
[SourceTitle "BritBase"]
[SourceDate "2008.07.14"]
[SourceVersion "1"]
[SourceVersionDate "2008.07.14"]
[SourceQuality "2"]

1. e4 e5 2. Nf3 Nf6 3. Nc3 Nc6 4. a3 d5 5. Bb5 Nxe4 6. Qe2 Nxc3 7. Qxe5+ Be7 8.
dxc3 O-O 9. Qh5 Re8 10. O-O g6 11. Qh6 Bf8 12. Qg5 Be6 13. Bf4 Qxg5 14. Nxg5
Bf5 15. Rad1 a6 16. Ba4 h6 17. Nf3 Re4 18. Bxc6 bxc6 19. Bxc7 Bg7 20. Rfe1 Ra7
21. Ba5 Rb7 22. b3 Rbe7 23. Kf1 g5 24. Rd2 Kh7 25. h3 Re8 26. Rxe4 Rxe4 {(=)}
27. Ne1 Re6 28. Re2 Kg6 29. Nd3 Bxd3 30. cxd3 Bf8 31. a4 Bd6 32. Rxe6+ fxe6 33.
g4 h5 34. f3 hxg4 35. hxg4 Bf4 36. d4 Kf7 37. Ke2 Ke7 38. c4 e5 39. cxd5 cxd5
40. Bd2 Bxd2 41. Kxd2 a5 42. dxe5 Ke6 43. Kc3 Kxe5 44. b4 d4+ 45. Kc4 axb4 46.
a5 1-0

[Event "Monarch Assurance Isle of Man 13th"]
[Site "Port Erin IOM"]
[Date "2004.10.02"]
[Round "8.45"]
[White "Noordhoek, Henk"]
[Black "Dossett, Christopher"]
[Result "1-0"]
[WhiteElo "2095"]
[BlackElo "1886"]
[PlyCount "91"]
[EventDate "2004.09.25"]
[EventType "swiss"]
[EventRounds "9"]
[EventCountry "IOM"]
[SourceTitle "BritBase"]
[SourceDate "2008.07.14"]
[SourceVersion "1"]
[SourceVersionDate "2008.07.14"]
[SourceQuality "2"]

1. e4 c5 2. Nf3 d6 3. Bb5+ Bd7 4. Bxd7+ Qxd7 5. O-O Nc6 6. d3 g6 7. c3 Bg7 8.
Be3 Nf6 9. Nbd2 Ng4 10. Bf4 O-O 11. h3 Nge5 12. Qe2 Rad8 {(=)} 13. Rad1 h6 14.
Be3 Nxf3+ 15. Nxf3 Kh7 16. Nh4 Bf6 17. Nf3 Bg7 18. Nh2 f5 19. f4 fxe4 20. dxe4
Qe6 21. f5 gxf5 22. exf5 Qxa2 23. f6 Rxf6 24. Rxf6 exf6 25. Ng4 Qf7 26. Rf1 Qg6
27. Bxh6 Re8 28. Qf2 Bxh6 29. Nxf6+ Kg7 30. Nxe8+ Qxe8 31. Qf6+ Kh7 32. Qxd6
Ne5 33. Qc7+ Bg7 34. Qxb7 Qd7 35. Qxd7 Nxd7 36. Rf7 Nb6 37. Rxa7 Nc4 38. Rb7
Kg6 39. Kf1 Bh6 40. b4 cxb4 41. cxb4 Kf5 42. Ke2 Kf4 43. Rh7 Bg5 44. b5 Bd8 45.
Rh8 Bb6 46. Rh4+ 1-0

[Event "Monarch Assurance Isle of Man 13th"]
[Site "Port Erin IOM"]
[Date "2004.10.02"]
[Round "8.46"]
[White "Marks, Ian A"]
[Black "Werner, Gert"]
[Result "1/2-1/2"]
[WhiteElo "1910"]
[BlackElo "2085"]
[PlyCount "29"]
[EventDate "2004.09.25"]
[EventType "swiss"]
[EventRounds "9"]
[EventCountry "IOM"]
[SourceTitle "BritBase"]
[SourceDate "2008.07.14"]
[SourceVersion "1"]
[SourceVersionDate "2008.07.14"]
[SourceQuality "2"]

1. e4 g6 2. d4 Bg7 3. Nc3 c6 4. Nf3 d5 5. h3 Nf6 6. Bd3 dxe4 7. Nxe4 Nxe4 8.
Bxe4 Nd7 9. O-O O-O 10. Bg5 Qb6 11. Qd2 e5 12. c3 exd4 13. Nxd4 c5 14. Nf3 Nf6
15. Bd3 1/2-1/2

[Event "Monarch Assurance Isle of Man 13th"]
[Site "Port Erin IOM"]
[Date "2004.10.02"]
[Round "8.47"]
[White "Fairbairn, Stephen"]
[Black "Waugh, Jonathan C"]
[Result "1-0"]
[WhiteElo "2057"]
[BlackElo "1885"]
[PlyCount "55"]
[EventDate "2004.09.25"]
[EventType "swiss"]
[EventRounds "9"]
[EventCountry "IOM"]
[SourceTitle "BritBase"]
[SourceDate "2008.07.14"]
[SourceVersion "1"]
[SourceVersionDate "2008.07.14"]
[SourceQuality "2"]

1. c4 Nf6 2. Nc3 e5 3. Nf3 d6 4. g3 g6 5. Bg2 Bg7 6. d3 O-O 7. Rb1 Nbd7 8. b4
Rb8 9. O-O Re8 10. Qb3 Nf8 11. Be3 a6 12. a4 Ng4 13. Bd2 Bd7 14. b5 a5 15. b6
c6 16. Ne4 d5 17. Nd6 dxc4 18. Nxc4 Be6 19. Ng5 Bd5 20. Bxd5 Qxd5 21. Nxa5 Qxb3
22. Nxb3 Nd7 23. a5 h6 24. Ne4 Ndf6 25. Nxf6+ Nxf6 26. Nc5 Bf8 27. Rfc1 Kg7 28.
Nxb7 1-0

[Event "Monarch Assurance Isle of Man 13th"]
[Site "Port Erin IOM"]
[Date "2004.10.03"]
[Round "9.9"]
[White "Conquest, Stuart"]
[Black "Iordachescu, Viorel"]
[Result "1/2-1/2"]
[WhiteElo "2488"]
[BlackElo "2633"]
[PlyCount "117"]
[EventDate "2004.09.25"]
[EventType "swiss"]
[EventRounds "9"]
[EventCountry "IOM"]
[SourceTitle "BritBase"]
[SourceDate "2008.07.14"]
[SourceVersion "1"]
[SourceVersionDate "2008.07.14"]
[SourceQuality "2"]

1. Nf3 Nf6 2. c4 e6 3. Nc3 Bb4 4. g3 O-O 5. Bg2 d5 6. Qb3 c5 7. O-O Nc6 8. d3
h6 9. e3 b6 10. a3 Bxc3 11. Qxc3 a5 12. b3 Re8 13. Ne5 Nxe5 14. Qxe5 Ra7 15.
Bb2 Rd7 16. Rac1 Ba6 17. Qf4 e5 18. Qh4 dxc4 19. dxc4 Rd3 20. Bc3 Bc8 21. h3
Bf5 22. b4 a4 23. Rfe1 Kh7 24. g4 Bg6 25. f3 Qc7 26. Qg3 cxb4 27. Bxb4 Nd7 28.
Bf1 Rb3 29. Rcd1 Nc5 30. Rd5 f6 31. Qf2 e4 32. Bxc5 bxc5 33. f4 Rxa3 34. Red1
Re7 35. Bg2 Rb3 36. Rd8 a3 37. h4 Rb2 38. R8d2 Rxd2 39. Qxd2 Qb6 40. Qc2 f5 41.
h5 Bf7 42. gxf5 Qf6 43. Qb3 Bxh5 44. Rd2 Qa1+ 45. Kf2 Bf3 46. Bxf3 exf3 47. Qb6
Qf6 48. Qxf6 gxf6 49. Ra2 Ra7 50. Kxf3 h5 51. e4 Kg7 52. e5 Ra4 53. Kg3 Kf7 54.
e6+ Ke7 55. Kh3 Ke8 56. Kg3 Ke7 57. Kf3 Ke8 58. Kg3 Ke7 59. Kf3 1/2-1/2